Statistics for Top 10 Richest Countries in Asia

Click here to take the quiz!

General Stats

  • This quiz has been taken 62,268 times
    (62,159 since last reset)
  • The average score is 8 of 10

Answer Stats

GDP per CapitaCountry% Correct
$132,000Singapore
89%
$53,100South Korea
84%
$78,300United Arab Emirates
83%
$113,000Qatar
82%
$55,400Saudi Arabia
80%
$50,200Israel
79%
$50,900Kuwait
71%
$57,400Bahrain
70%
$68,700Taiwan
66%
$75,000Brunei
63%

Score Distribution

Percentile by Number Answered

Percent of People with Each Score

Your Score History

You have not taken this quiz since the last reset